000 00525cam a2200145 4500500
005 20251228072921.0
041 _afre
042 _adc
100 1 0 _aBiziou, Michaël
_eauthor
245 0 0 _aNatural Law and Enlightenment Classics. Collection dirigée par Knud Haakonssen (Indianapolis, Liberty Fund, depuis 2002)
260 _c2005.
500 _a56
786 0 _nCités | 24 | 4 | 2005-12-01 | p. 169a-185a | 1299-5495
856 4 1 _uhttps://shs.cairn.info/revue-cites-2005-4-page-169a?lang=fr&redirect-ssocas=7080
999 _c1594448
_d1594448